Vainqueur de monuments - Statistiques

Statistiques générales
  • Ce quiz a été pris 55 fois
  • Le résultat moyen est 9 sur 18
Answers on the Grid
Answers color-coded by a green-red scale on the quiz's grid according to % correct below.
POGAČAR
Van der poel
Van AERT
Stuyven
Van baarle
Laporte
Pedersen
Degenkolb
Caruso
Mohoric
Evenepoel
Chaves
Jungels
Poels
Healy
Barguil
Mollema
Magnier
Philipsen
Milan
Merlier
De lie
Alaphilippe
Pidcock
Johanessen
Lipowitz
Roglic
Onley
Vingegaard
Turgis
Quintana
Fuglsang
Bettiol
Asgreen
Madouas
Warenskjold
Seixas
Girmay
 
Statistiques - réponses
Réponse % Correct
POGAČAR
100%
Van AERT
90%
Van der poel
90%
Alaphilippe
55%
Evenepoel
52%
Stuyven
52%
Van baarle
52%
Degenkolb
45%
Asgreen
42%
Fuglsang
42%
Mohoric
42%
Philipsen
42%
Roglic
39%
Bettiol
32%
Jungels
32%
Poels
29%
Chaves
26%
Mollema
26%
Aucun quiz correspondant
Distribution des résultats
% des personnes avec chaque résultat
Percentile par nombre de réponses
Votre historique - résultats
Vous n’avez pas pris ce quiz